| 000 | 00599nam a2200157Ia 4500 | ||
|---|---|---|---|
| 008 | 210716s2017 xx 000 0 und d | ||
| 020 | _a9781786460189 | ||
| 041 | _aeng | ||
| 082 | _a004.69 DIXB | ||
| 100 | _aDixit, Bharvi. | ||
| 245 |
_aMastering elasticsearch 5.x: master the intricacies of elasticsearch 5 and use it to ceate flexible and scalable search solutions. _bMaster the intricacies of elasticsearch 5 and use it to ceate flexible and scalable search solutions. |
||
| 250 | _a3 | ||
| 260 |
_aMumbai _bPackt Publishing Ltd _c2017 |
||
| 300 | _axii,405 | ||
| 650 | _aInternet / Mutimedia | ||
| 999 |
_c196829 _d196829 |
||